Diseño de un sistema de información para la gestión de logística interna en el centro de distribución de una empresa alimentaria
Shranjeno v:
| Glavni avtor: | |
|---|---|
| Drugi avtorji: | |
| Format: | Knjiga |
| Izdano: |
[San José, Costa Rica]
2003
|
| Teme: | |
| Oznake: |
Označite
Brez oznak, prvi označite!
|
MARC
| LEADER | 00000nam a2200000Ia 4500 | ||
|---|---|---|---|
| 003 | 009278 | ||
| 005 | 20221231144141.0 | ||
| 008 | 140114s2003 cr a m 000 ||s d | ||
| 040 | |c cru CEDI | ||
| 090 | |a TFG 4818 | ||
| 100 | |a Esquivel Méndez, Víctor |9 6619 | ||
| 245 | |a Diseño de un sistema de información para la gestión de logística interna en el centro de distribución de una empresa alimentaria | ||
| 260 | |c 2003 |a [San José, Costa Rica] | ||
| 300 | |a 2 volúmenes : ilustraciones a color | ||
| 500 | |a Proyecto de graduación (licenciatura en ingeniería industrial)--Universidad de Costa Rica. Facultad de Ingeniería. Escuela de Ingeniería Industrial | ||
| 650 | |x DISTRIBUCION COMERCIAL |x CONTROL DE CALIDAD |x CALIDAD DEL SERVICIO |x SISTEMAS DE INFORMACION EN NEGOCIOS |x CONTROL DE PROCESOS |x ADMINISTRACION DE EMPRESAS |x LOGISTICA EN LOS NEGOCIOS |9 6621 | ||
| 700 | |9 6620 |a Navarro Segura, José A. | ||
| 942 | |c TFG | ||
| 999 | |c 17615 |d 17615 | ||
